| 000 | 00506nam a2200193Ia 4500 | ||
|---|---|---|---|
| 003 | OSt | ||
| 005 | 20240614163713.0 | ||
| 008 | 210210b1929 xxu||||| |||| 00| 0 eng d | ||
| 040 |
_aAL _c |
||
| 041 | _aKannada | ||
| 082 | _a853/106 | ||
| 100 |
_aKAILASAM (T P) _927639 _dಕೈಲಾಸಂ (ಟಿ ಪಿ) |
||
| 245 |
_aBahishkara _bಬಹಿಷ್ಕಾರ |
||
| 260 |
_aBengaluru _b- _c1929 |
||
| 650 |
_aBahishkAra _927640 |
||
| 690 |
_aKannada Drama _927641 |
||
| 906 | _a019378 | ||
| 942 |
_2ddc _cBK |
||
| 999 |
_c143498 _d143498 |
||